header

How to create and manage a mutual fund or exchange-traded fund (Record no. 40778)

MARC details
000 -LEADER
fixed length control field 02189nam a2200385 a 4500
082 04 - DEWEY DECIMAL CLASSIFICATION NUMBER
Classification number 332.63/27068
100 1# - MAIN ENTRY--AUTHOR NAME
Personal name Gerber, Melinda.
245 10 - TITLE STATEMENT
Title How to create and manage a mutual fund or exchange-traded fund
260 ## - PUBLICATION, DISTRIBUTION, ETC. (IMPRINT)
Place of publication Hoboken, N.J. :
Name of publisher John Wiley & Sons,
Year of publication c2008.
300 ## - PHYSICAL DESCRIPTION
Number of Pages xv, 351 p. :
Other physical details ill.
490 1# - SERIES STATEMENT
Series statement [Wiley finance]
500 ## - GENERAL NOTE
General note Series from jacket.
505 0# - FORMATTED CONTENTS NOTE
Formatted contents note Create and manage a mutual fund -- Why the world needs another mutual fund -- Money, product differentiation, and distribution -- Price and customer service -- Spreading the word with promotion and publicity -- Building your mutual fund team -- The steps to start a mutual fund -- Create and manage an exchange-traded fund -- ETFs : the mutual fund's next evolution -- Building your exchange-traded fund team -- The steps to start an exchange-traded fund --- Appendix A: what to expect in your first year -- Appendix B: selling your business -- Appendix C: useful web sites, phone numbers, and additional readings -- Appendix D: list of service provider questions -- Afterword -- Notes -- Index.
650 #0 - SUBJECT ADDED ENTRY--TOPICAL TERM
Topical Term Mutual funds
Topical Term Exchange traded funds
Topical Term Portfolio management
856 40 - ELECTRONIC LOCATION AND ACCESS
Uniform Resource Identifier http://site.ebrary.com/lib/rucke/Doc?id=10225452

No items available.

© 2026 Rongo University
Contact us: librarian | system librarian | Rongo university